Complete a Letra do Ben 10 - Statistics

Estatísticas Gerais
  • Esse quiz foi jogado 601 vezes
  • A pontuação média é 16 de 18
Estatísticas das Respostas
Letra % Correto
A história começou quando um {relógio} esquisito
99%
({Ben 10})
99%
({Ben} {10}, Ben 10, Ben 10)
99%
É o {Ben} {10}
99%
É o {Ben} {10}
99%
Agora tem {poderes} e com eles faz bonito
97%
Com seus {poderes} vai combater
97%
Grudou no pulso dele vindo lá do {infinito}
95%
Diante dos seus {olhos}
92%
ele vai se {transformar}
91%
É o Ben {10}!
91%
Que {bota} pra quebrar
88%
Os {inimigos} e vai vencer
84%
Em um ser {alienígena}
79%
Se acaso encontrá-lo, você vai se {admirar}
77%
Ele não foge de {medo} ou dor
75%
{Moleque} muito irado
71%
Seja {onde} {for}
70%
Nenhum quiz correspondente encontrado
Distribuição das Pontuações
Porcentagem de Pessoas com Cada Pontuação
Percentil de Números Respondidos
Sua Pontuação Histórica
Você não jogou esse quiz